Les 5 départements composant la région de Normandie - Statistiques

Statistiques générales
  • Ce quiz a été pris 284 fois
  • Le résultat moyen est 4 sur 5
Statistiques - réponses
Départements % Correct
Manche
93%
Calvados
91%
Seine Maritime
89%
Eure
88%
Orne
77%
Aucun quiz correspondant
Distribution des résultats
% des personnes avec chaque résultat
Percentile par nombre de réponses
Votre historique - résultats
Vous n’avez pas pris ce quiz